| 000 | 01067nam a22002657a 4500 | ||
|---|---|---|---|
| 005 | 20240530110453.0 | ||
| 008 | 150519s2011 ua g b 000 0 ara d | ||
| 017 |
_a2010/19527 _bمصر . دار الكتب المصرية |
||
| 020 | _a9789773832245 | ||
| 040 | _aEG-CaGPL | ||
| 082 | 0 | 4 |
_221 _a219\ _bإ ت |
| 100 | 0 | _aايهاب حفظى عز العرب | |
| 245 | 1 | 0 |
_aتجديد الدين : _bمفهومة و ضوابطة و اثارة / _cتاليف ايهاب حفظى عز العرب |
| 250 | _aط1 | ||
| 260 |
_aالقاهرة : _bإيتراك للطباعة و النشر و التوزيع ، _c2011 . |
||
| 300 |
_a427 ص ؛ _c24 سم . |
||
| 504 | _aيشتمل على ارجاعات ببليوجرافية | ||
| 650 | 0 | 4 |
_aالمسلمون _xالاحوال السياسية |
| 650 | 0 | 4 | _aالخطاب الدينى |
| 650 | 0 | 4 |
_aالاسلام _xدعوة |
| 650 | 0 | 4 |
_aالشريعة الاسلامية _xمصادر التشريع |
| 650 | 0 | 4 | _aالاسلام و السياسة |
| 942 |
_2ddc _cBK |
||
| 999 |
_c61290 _d61290 |
||